| 000 | 00655nam a2200181Ia 4500 | ||
|---|---|---|---|
| 008 | 151018s9999 xx 000 0 und d | ||
| 082 |
_bRBASDV49386 _a294.592 4 |
||
| 100 | _aसंजय सोनवणी | ||
| 245 | _aहिंदू धर्माचे शैव रहस्य | ||
| 250 | _b1 | ||
| 260 |
_bभारत बुक डेपो _c2008 |
||
| 300 | _a240 | ||
| 600 | _aसंजय सोनवणी | ||
| 630 | _aहिंदू धर्माचे शैव रहस्य | ||
| 700 | _aसंजय सोनवणी | ||
| 730 | _aहिंदू धर्माचे शैव रहस्य | ||
| 942 | _cBOOK | ||
| 999 |
_c1048501 _d1048498 |
||